[Event "87o Campeonato Brasileiro Absoluto Final Aberta"]
[Site "Cuiaba MT"]
[Date "2021.11.02"]
[Round "9"]
[Board "79"]
[White "Rocha, Matheus Eugenio S M Nunes"]
[Black "De Avelar, Flavio Henrique"]
[Result "0-1"]
[WhiteElo "1800"]
[BlackElo "1534"]
[PlyCount "118"]
[EventDate "2021.10.28"]
[EventRounds "11"]
[EventCountry "BRA"]

1. d4 e6 2. c4 Nf6 3. Nf3 d5 4. Nc3 c6 5. e3 Nbd7 6. Bd3 dxc4 7. Bxc4 b5 8. Bd3
a6 9. O-O Be7 10. a3 O-O 11. b4 Bb7 12. Re1 Qc7 13. e4 e5 14. dxe5 Nxe5 15. Bf4
Bd6 16. Nxe5 Bxe5 17. Bxe5 Qxe5 18. Rc1 Rad8 19. Qe2 Bc8 20. Qc2 Ng4 21. g3 Qh5
22. h4 Rxd3 23. Qxd3 Ne5 24. Qd1 Nf3+ 25. Kh1 Qg4 26. Qd6 Nxe1 27. Rxe1 h6 28.
Kg1 Be6 29. Ne2 Qf3 30. Nd4 Qc3 31. Re3 Qc1+ 32. Kg2 Bc4 33. Ne2 Bxe2 34. Rxe2
Qxa3 35. Qxc6 Qxb4 36. Qxa6 Qc4 37. Qa2 Qxa2 38. Rxa2 Rb8 39. Rb2 b4 40. Rb3 f6
41. Kf3 Kf7 42. Ke3 Ke6 43. f4 Kd6 44. Kd4 g5 45. hxg5 hxg5 46. fxg5 fxg5 47.
e5+ Ke6 48. Ke4 Rb5 49. Kd4 Rb7 50. g4 Rb8 51. Ke4 Rf8 52. Re3 Rf4+ 53. Kd3
Rxg4 54. Kc2 Rc4+ 55. Kb3 Rc3+ 56. Rxc3 bxc3 57. Kxc3 Kxe5 58. Kd3 Kf4 59. Ke2
Kg3  0-1

[Event "87o Campeonato Brasileiro Absoluto Final Aberta"]
[Site "Cuiaba MT"]
[Date "2021.11.02"]
[Round "9"]
[Board "80"]
[White "Cinta Larga, Carlos Eduardo Dos Santos"]
[Black "Braga, Marcelo Melem"]
[Result "0-1"]
[WhiteElo "1742"]
[BlackElo "1531"]
[PlyCount "60"]
[EventDate "2021.10.28"]
[EventRounds "11"]
[EventCountry "BRA"]

1. e4 c6 2. c4 d5 3. cxd5 cxd5 4. Nc3 d4 5. Qa4+ Nc6 6. Bb5 dxc3 7. Bxc6+ bxc6
8. Qxc6+ Bd7 9. Qxc3 Rc8 10. Qe3 Qb6 11. d4 Nf6 12. a3 Bg4 13. f3 Bh5 14. Ne2
e6 15. O-O Be7 16. Qg5 Bg6 17. Qe3 O-O 18. b4 Qa6 19. Bd2 Rc4 20. Nc3 Qb6 21.
Ne2 Rfc8 22. Bc3 e5 23. Rfd1 Ne8 24. Rd3 f5 25. Rf1 h6 26. g3 fxe4 27. fxe4 Nf6
28. Nf4 Bxe4 29. Nd5 Bxd5 30. Qxe5 Bd6  0-1

[Event "87o Campeonato Brasileiro Absoluto Final Aberta"]
[Site "Cuiaba MT"]
[Date "2021.11.02"]
[Round "9"]
[Board "83"]
[White "Azevedo Junior, Joao Nunes"]
[Black "Ferreira, Fernando Goncalves"]
[Result "1-0"]
[WhiteElo "1919"]
[BlackElo "1357"]
[PlyCount "85"]
[EventDate "2021.10.28"]
[EventRounds "11"]
[EventCountry "BRA"]

1. e4 c5 2. Nf3 g6 3. c3 Nf6 4. Qe2 Bg7 5. g3 O-O 6. Bg2 Nc6 7. O-O d6 8. d3
Bg4 9. Be3 Ne5 10. Nbd2 Qc8 11. d4 cxd4 12. cxd4 Nxf3+ 13. Bxf3 Bxf3 14. Qxf3
Qh3 15. Rfd1 Ng4 16. Qg2 Qxg2+ 17. Kxg2 Nxe3+ 18. fxe3 Rac8 19. Rac1 b5 20. Nb3
Bh6 21. Kf2 f5 22. Rxc8 Rxc8 23. exf5 gxf5 24. Rc1 Rxc1 25. Nxc1 Kf7 26. Nd3
Ke6 27. Kf3 a5 28. b3 Kd5 29. Nf4+ Kc6 30. Ne6 a4 31. e4 fxe4+ 32. Kxe4 Kd7 33.
d5 axb3 34. axb3 Bd2 35. Nf8+ Ke8 36. Nxh7 Kf7 37. Kf5 Be3 38. Ng5+ Bxg5 39.
Kxg5 e6 40. dxe6+ Kxe6 41. h4 Kf7 42. Kf5 b4 43. g4  1-0

[Event "87o Campeonato Brasileiro Absoluto Final Aberta"]
[Site "Cuiaba MT"]
[Date "2021.11.02"]
[Round "9"]
[Board "84"]
[White "Marquezini, Paulo Eduardo Seben"]
[Black "Da Silva Santos, Jarlison"]
[Result "0-1"]
[WhiteElo "1760"]
[BlackElo "1774"]
[PlyCount "94"]
[EventDate "2021.10.28"]
[EventRounds "11"]
[EventCountry "BRA"]

1. e4 e6 2. Nf3 d5 3. exd5 exd5 4. d4 Nf6 5. Bg5 Be7 6. Be2 O-O 7. O-O Bf5 8.
Nc3 Nc6 9. Ne5 Ne4 10. Bxe7 Nxe7 11. Nxe4 dxe4 12. g4 Be6 13. b3 c6 14. f3 Nd5
15. fxe4 Ne3 16. Qd3 Nxf1 17. Rxf1 Qb6 18. Kg2 Rfd8 19. Bf3 Rxd4 20. Qe3 Rad8
21. Qf4 Qc7 22. g5 Qe7 23. h4 Qb4 24. Rf2 Qe1 25. Nd3 Qa5 26. Bg4 Rxe4 27. Qxe4
Bd5 28. Qxd5 Qxd5+ 29. Kg3 Re8 30. Nf4 Re3+ 31. Bf3 Qe5 32. Rd2 g6 33. Kg4 Qf5+
34. Kg3 Qe4 35. Rf2 a5 36. a4 b5 37. Kg4 Qf5+ 38. Kg3 bxa4 39. bxa4 f6 40. gxf6
Qxf6 41. Kg4 Qf5+ 42. Kg3 h5 43. Kg2 Kg7 44. Bxc6 Re1 45. Kh2 Qg4 46. Ng2 Re2
47. Rf4 Rxg2+  0-1

[Event "87o Campeonato Brasileiro Absoluto Final Aberta"]
[Site "Cuiaba MT"]
[Date "2021.11.02"]
[Round "9"]
[Board "90"]
[White "Pasqualotto, Amos Petronio"]
[Black "Santos, Wenesley Da Luz"]
[Result "1/2-1/2"]
[WhiteElo "1436"]
[BlackElo "1286"]
[PlyCount "68"]
[EventDate "2021.10.28"]
[EventRounds "11"]
[EventCountry "BRA"]

1. d4 d5 2. c4 c6 3. Nf3 Nf6 4. Nc3 dxc4 5. a4 Bf5 6. e3 e6 7. Bxc4 Bb4 8. Bd2
O-O 9. O-O h6 10. Ba2 Nbd7 11. Bb1 Bxb1 12. Nxb1 Bxd2 13. Nbxd2 a5 14. Qc2 Nb6
15. Rfc1 Nbd5 16. Ne5 Nb4 17. Qd1 Nd7 18. Nxd7 Qxd7 19. Nc4 Qd8 20. Ne5 Qe7 21.
Nd3 Rad8 22. Nxb4 Qxb4 23. Qc2 Rd5 24. Qc3 Qb6 25. b3 Rfd8 26. Rab1 Qc7 27. Qe1
e5 28. dxe5 Qxe5 29. g3 Qh5 30. b4 Rd2 31. bxa5 Qxa5 32. Rxb7 Qxa4 33. Rb8 Rxb8
34. Qxd2 Rc8  1/2-1/2

[Event "87o Campeonato Brasileiro Absoluto Final Aberta"]
[Site "Cuiaba MT"]
[Date "2021.11.02"]
[Round "9"]
[Board "92"]
[White "Pimentel, Lucas Dos Santos"]
[Black "De Souza, Eliel Martins"]
[Result "1-0"]
[WhiteElo "1345"]
[BlackElo "1709"]
[PlyCount "61"]
[EventDate "2021.10.28"]
[EventRounds "11"]
[EventCountry "BRA"]

1. Nf3 d5 2. g3 Nf6 3. Bg2 e6 4. O-O Be7 5. d3 O-O 6. c4 c6 7. Nc3 Nbd7 8. a3
a5 9. Bf4 Nh5 10. Bd2 Qc7 11. cxd5 cxd5 12. Nb5 Qd8 13. Rc1 Nc5 14. Be3 Na6 15.
Qb3 b6 16. Ne5 Nc5 17. Bxc5 bxc5 18. Nc6 Qd7 19. Nxe7+ Qxe7 20. Qc2 Qf6 21. Rb1
Ba6 22. Nc7 Qe7 23. Nxa8 Rxa8 24. Rfc1 Rc8 25. b4 axb4 26. axb4 c4 27. b5 Bb7
28. dxc4 Nf6 29. c5 Ne4 30. Bxe4 dxe4 31. c6  1-0

[Event "87o Campeonato Brasileiro Absoluto Final Aberta"]
[Site "Cuiaba MT"]
[Date "2021.11.03"]
[Round "10"]
[Board "1"]
[White "Lima, Darcy"]
[Black "Supi, Luis Paulo"]
[Result "1/2-1/2"]
[WhiteElo "2508"]
[BlackElo "2572"]
[PlyCount "61"]
[EventDate "2021.10.28"]
[EventRounds "11"]
[EventCountry "BRA"]

1. d4 Nf6 2. Nf3 d5 3. c4 e6 4. e3 a6 5. Nbd2 c5 6. dxc5 Bxc5 7. a3 dxc4 8.
Bxc4 b5 9. Be2 Bb7 10. O-O O-O 11. b4 Be7 12. Bb2 Nbd7 13. Nb3 Rc8 14. Na5 Ba8
15. Rc1 Qb6 16. Nd4 e5 17. Nf5 Qe6 18. Nxe7+ Qxe7 19. Re1 g6 20. Bf1 h5 21. Re2
h4 22. h3 Be4 23. Rd2 Nb6 24. Ba1 Rxc1 25. Qxc1 Rc8 26. Qd1 Nfd7 27. f3 Bf5 28.
Rd6 Qg5 29. Rd2 Qe7 30. e4 Be6 31. Rc2  1/2-1/2

[Event "87o Campeonato Brasileiro Absoluto Final Aberta"]
[Site "Cuiaba MT"]
[Date "2021.11.03"]
[Round "10"]
[Board "2"]
[White "Rodrigues, Edgar"]
[Black "Fier, Alexandr"]
[Result "0-1"]
[WhiteElo "2339"]
[BlackElo "2563"]
[PlyCount "88"]
[EventDate "2021.10.28"]
[EventRounds "11"]
[EventCountry "BRA"]

1. e4 c5 2. Nf3 d6 3. d4 cxd4 4. Nxd4 Nf6 5. Nc3 Nc6 6. Be2 e6 7. O-O Be7 8.
Kh1 O-O 9. f4 a6 10. Be3 Bd7 11. Qe1 b5 12. a3 Qb8 13. Rd1 b4 14. axb4 Qxb4 15.
Bf3 Rac8 16. Nxc6 Bxc6 17. Bd4 Qb7 18. Qg3 g6 19. Rfe1 Ne8 20. Qh3 Bf6 21. e5
Bxf3 22. gxf3 dxe5 23. fxe5 Be7 24. Ne4 Rxc2 25. Bc3 Ng7 26. Rd6 Nh5 27. Rg1
Kh8 28. Rgd1 Qb5 29. Rd7 Rc1 30. Rxc1 Qxd7 31. Qf1 Qb7 32. Ra1 Ra8 33. Ra4 Kg8
34. Qc1 Rd8 35. Rd4 Qb6 36. Qd2 Rxd4 37. Bxd4 Qd8 38. Qe3 Ng7 39. Bc5 Qd1+ 40.
Kg2 Nf5 41. Qc3 Qe2+ 42. Bf2 Nh4+ 43. Kg3 h5 44. Nd6 Qf1  0-1

[Event "87o Campeonato Brasileiro Absoluto Final Aberta"]
[Site "Cuiaba MT"]
[Date "2021.11.03"]
[Round "10"]
[Board "3"]
[White "Oliveira, Silvio Eduardo"]
[Black "Mekhitarian, Krikor Sevag"]
[Result "1/2-1/2"]
[WhiteElo "2321"]
[BlackElo "2560"]
[PlyCount "75"]
[EventDate "2021.10.28"]
[EventRounds "11"]
[EventCountry "BRA"]

1. e4 c5 2. Nf3 d6 3. d4 cxd4 4. Nxd4 Nf6 5. Nc3 a6 6. f3 e5 7. Nb3 Be6 8. Be3
Be7 9. Qd2 h5 10. Nd5 Nxd5 11. exd5 Bf5 12. Be2 a5 13. a4 Nd7 14. O-O O-O 15.
f4 exf4 16. Bxf4 Rc8 17. c3 Nf6 18. Be3 Bg6 19. Bb5 Ng4 20. Bf4 Ne5 21. Rad1
Bf6 22. h3 h4 23. Rde1 Bh7 24. Nd4 Rc7 25. b3 Rc5 26. Nf3 Ng6 27. Bg5 Bxc3 28.
Bxd8 Bxd2 29. Nxd2 Rxd8 30. Nc4 f6 31. Nxa5 Rc7 32. Rc1 Re7 33. Rc4 Ne5 34.
Rxh4 Rc7 35. Rd4 Bg6 36. Nc4 Bd3 37. Re1 Bxc4 38. Bxc4  1/2-1/2

[Event "87o Campeonato Brasileiro Absoluto Final Aberta"]
[Site "Cuiaba MT"]
[Date "2021.11.03"]
[Round "10"]
[Board "4"]
[White "Santiago, Yago De Moura"]
[Black "Cunha, Lucas Aguiar"]
[Result "0-1"]
[WhiteElo "2478"]
[BlackElo "2290"]
[PlyCount "64"]
[EventDate "2021.10.28"]
[EventRounds "11"]
[EventCountry "BRA"]

1. e4 c5 2. Nf3 e6 3. d4 cxd4 4. Nxd4 Nc6 5. Nc3 Qc7 6. g4 a6 7. Be3 Nge7 8. f4
Ng6 9. Nxc6 bxc6 10. Qd2 Rb8 11. Rb1 Be7 12. e5 f6 13. exf6 Bxf6 14. Bd3 d5 15.
g5 Be7 16. Bxg6+ hxg6 17. Bd4 Bd6 18. Qd3 O-O 19. Qxg6 e5 20. Qh5 exd4 21. g6
Rxf4 22. Qh7+ Kf8 23. Qh8+ Ke7 24. Qxg7+ Kd8 25. Qh8+ Bf8 26. Ne2 Qe7 27. Rg1
Bg4 28. Rg2 Re4 29. Kf1 Bxe2+ 30. Kg1 Bf3 31. g7 Re1+ 32. Kf2 Qe2+  0-1

[Event "87o Campeonato Brasileiro Absoluto Final Aberta"]
[Site "Cuiaba MT"]
[Date "2021.11.03"]
[Round "10"]
[Board "5"]
[White "Quintiliano Pinto, Renato R."]
[Black "Gauche, Charles"]
[Result "0-1"]
[WhiteElo "2469"]
[BlackElo "2155"]
[PlyCount "100"]
[EventDate "2021.10.28"]
[EventRounds "11"]
[EventCountry "BRA"]

1. d4 d6 2. e4 g6 3. c4 Bg7 4. Nf3 e5 5. Bg5 f6 6. Be3 Nh6 7. Nc3 O-O 8. h3 Nf7
9. Be2 Na6 10. O-O f5 11. dxe5 dxe5 12. Qxd8 Rxd8 13. Rad1 f4 14. Bc1 Be6 15.
b3 c6 16. Na4 Bf6 17. Bb2 Kg7 18. Bc3 h5 19. c5 g5 20. Ba5 Rh8 21. Nh2 Rh7 22.
f3 Be7 23. Rc1 Rhh8 24. Rfd1 Rac8 25. Nf1 Rh6 26. b4 Nb8 27. Bc4 Kf6 28. Nd2
Rg6 29. Kf2 Rcg8 30. Bc7 g4 31. hxg4 hxg4 32. Rg1 Na6 33. Ba5 Bxc4 34. Nxc4 Ke6
35. Nd2 Nb8 36. Bc7 Nd7 37. Rc3 Nf6 38. Rf1 gxf3 39. gxf3 Rg2+ 40. Ke1 Ne8 41.
Ba5 Rh2 42. Rd3 Rgg2 43. Nc3 b6 44. cxb6 axb6 45. Bxb6 Bxb4 46. Bf2 Ng5 47.
Ncb1 c5 48. a3 c4 49. Rd8 Nxf3+ 50. Ke2 Nxd2  0-1

[Event "87o Campeonato Brasileiro Absoluto Final Aberta"]
[Site "Cuiaba MT"]
[Date "2021.11.03"]
[Round "10"]
[Board "7"]
[White "Molina, Roberto Junio Brito"]
[Black "Aranha Filho, Alvaro Z."]
[Result "1-0"]
[WhiteElo "2434"]
[BlackElo "2236"]
[PlyCount "135"]
[EventDate "2021.10.28"]
[EventRounds "11"]
[EventCountry "BRA"]

1. d4 Nf6 2. c4 e6 3. Nf3 Bb4+ 4. Bd2 a5 5. a3 Bxd2+ 6. Qxd2 d6 7. Nc3 Nbd7 8.
e3 O-O 9. Bd3 e5 10. O-O Re8 11. Qc2 exd4 12. Nxd4 Nc5 13. Be2 a4 14. Rad1 Re5
15. Rfe1 Bd7 16. Bf1 Qe7 17. Rd2 Bg4 18. h3 Bh5 19. f4 Bg6 20. fxe5 Bxc2 21.
exf6 Qxf6 22. Rxc2 Re8 23. Rf2 Qd8 24. e4 c6 25. Nf5 Re6 26. Rd1 Qc7 27. g3 h5
28. Bg2 Kh7 29. Bf3 g6 30. Nd4 Rf6 31. Kg2 Qe7 32. h4 Nd7 33. Nc2 Ne5 34. Be2
Rxf2+ 35. Kxf2 Kg8 36. Kg2 g5 37. Ne3 gxh4 38. Nf5 h3+ 39. Kxh3 Qg5 40. Kg2 Ng6
41. Kf3 h4 42. Nxh4 Nxh4+ 43. gxh4 Qxh4 44. Ke3 Qg5+ 45. Kd3 f5 46. exf5 Qxf5+
47. Kd2 Qe5 48. Kc2 Kf8 49. Bd3 Ke7 50. Nxa4 Kd8 51. Nc3 Kc7 52. Rd2 Qf4 53. b3
Qe5 54. Kb2 Qd4 55. Rd1 Qe5 56. Bc2 Kb8 57. b4 Kc7 58. Kb3 Qe6 59. Ne4 d5 60.
cxd5 cxd5 61. Nc5 Qe5 62. Ka2 Qc3 63. Kb1 Qf3 64. Ne6+ Kd6 65. Nd4 Qf2 66. Nb5+
Kc6 67. Nc3 b6 68. Rxd5  1-0

[Event "87o Campeonato Brasileiro Absoluto Final Aberta"]
[Site "Cuiaba MT"]
[Date "2021.11.03"]
[Round "10"]
[Board "8"]
[White "Umetsubo, Cesar Hidemitsu"]
[Black "Sega, Carlos Alberto"]
[Result "1-0"]
[WhiteElo "2379"]
[BlackElo "2164"]
[PlyCount "53"]
[EventDate "2021.10.28"]
[EventRounds "11"]
[EventCountry "BRA"]

1. d4 Nf6 2. c4 e6 3. Nc3 Bb4 4. Qc2 O-O 5. a3 Bxc3+ 6. Qxc3 d5 7. Bg5 dxc4 8.
Qxc4 b6 9. Nf3 Ba6 10. Qc2 h6 11. Bh4 Nbd7 12. Rd1 Qc8 13. e3 Bxf1 14. Kxf1
Qa6+ 15. Qe2 Qb7 16. h3 c5 17. Kg1 Rfc8 18. Kh2 Ne4 19. Nd2 Qc7+ 20. Kg1 Nxd2
21. Bg3 Qc6 22. Rxd2 Nf6 23. f3 cxd4 24. Rxd4 Nh5 25. Bh4 Qc2 26. Rd2 Qc4 27.
Rd8+  1-0

[Event "87o Campeonato Brasileiro Absoluto Final Aberta"]
[Site "Cuiaba MT"]
[Date "2021.11.03"]
[Round "10"]
[Board "9"]
[White "Silva, Lucas Henrique Da"]
[Black "Filgueiras, Nathan Felipe"]
[Result "0-1"]
[WhiteElo "2158"]
[BlackElo "2312"]
[PlyCount "64"]
[EventDate "2021.10.28"]
[EventRounds "11"]
[EventCountry "BRA"]

1. Nf3 Nf6 2. g3 b6 3. Bg2 Bb7 4. O-O g6 5. c4 Bg7 6. Nc3 O-O 7. Qc2 c5 8. d3
d5 9. cxd5 Nxd5 10. Nxd5 Qxd5 11. Be3 e5 12. Qa4 Qd7 13. Qh4 f6 14. Qc4+ Kh8
15. h4 Nc6 16. Rfe1 Rae8 17. Rac1 h6 18. Qa4 Rd8 19. a3 f5 20. Kh2 f4 21. Bd2
Qe7 22. b4 fxg3+ 23. fxg3 e4 24. dxe4 Ne5 25. Bf4 Ng4+ 26. Kg1 Qxe4 27. Qc2
Rxf4 28. gxf4 Bd4+ 29. e3 Bxe3+ 30. Kf1 Ba6+ 31. Re2 Qxc2 32. Rcxc2 Rd1+  0-1

[Event "87o Campeonato Brasileiro Absoluto Final Aberta"]
[Site "Cuiaba MT"]
[Date "2021.11.03"]
[Round "10"]
[Board "10"]
[White "Veiga, Emerson De Sousa"]
[Black "Barbosa, Evandro Amorim"]
[Result "0-1"]
[WhiteElo "2072"]
[BlackElo "2509"]
[PlyCount "64"]
[EventDate "2021.10.28"]
[EventRounds "11"]
[EventCountry "BRA"]

1. e4 c5 2. Nf3 Nc6 3. d4 cxd4 4. Nxd4 Nf6 5. Nc3 e5 6. Ndb5 d6 7. Bg5 a6 8.
Na3 b5 9. Nd5 Be7 10. Bxf6 Bxf6 11. c3 Bg5 12. Nc2 Ne7 13. a4 bxa4 14. Rxa4
Nxd5 15. Qxd5 Be6 16. Qd3 O-O 17. Rxa6 Rxa6 18. Qxa6 d5 19. Bb5 dxe4 20. O-O
Qd2 21. Qa4 Rb8 22. c4 e3 23. Nxe3 Bxe3 24. fxe3 Qxe3+ 25. Kh1 Qe2 26. Qa1 h5
27. b3 e4 28. Re1 Qd3 29. Qe5 Rd8 30. h3 Bxh3 31. Qxe4 Qg3 32. gxh3 Rd2  0-1

[Event "87o Campeonato Brasileiro Absoluto Final Aberta"]
[Site "Cuiaba MT"]
[Date "2021.11.03"]
[Round "10"]
[Board "11"]
[White "Mazetto, Sergio Luiz"]
[Black "Di Berardino, Diego Rafael"]
[Result "0-1"]
[WhiteElo "2119"]
[BlackElo "2471"]
[PlyCount "52"]
[EventDate "2021.10.28"]
[EventRounds "11"]
[EventCountry "BRA"]

1. c4 g6 2. g3 Bg7 3. Bg2 c5 4. Nc3 Nc6 5. a3 d6 6. Rb1 e6 7. b4 Nge7 8. Nf3
O-O 9. O-O Rb8 10. e3 e5 11. d3 h6 12. bxc5 dxc5 13. Nd5 f5 14. Ne1 Be6 15. Qb3
Qd6 16. Nc2 b5 17. Qa2 bxc4 18. Rxb8 Rxb8 19. dxc4 e4 20. Rd1 Nxd5 21. cxd5 Ne5
22. Ne1 Bd7 23. Qc2 Qa6 24. Qxc5 Qe2 25. Qc2 Qxc2 26. Nxc2 Ba4  0-1

[Event "87o Campeonato Brasileiro Absoluto Final Aberta"]
[Site "Cuiaba MT"]
[Date "2021.11.03"]
[Round "10"]
[Board "12"]
[White "Proudian, Armen"]
[Black "Souza, Rafael Cabral De"]
[Result "1-0"]
[WhiteElo "2427"]
[BlackElo "2162"]
[PlyCount "75"]
[EventDate "2021.10.28"]
[EventRounds "11"]
[EventCountry "BRA"]

1. e4 c6 2. d4 d6 3. Nc3 b5 4. Bd3 g6 5. f4 Bg7 6. Nf3 a6 7. Be3 Nd7 8. g4 Bb7
9. a4 Rc8 10. g5 e6 11. f5 exf5 12. exf5 gxf5 13. Nh4 c5 14. Rf1 Bxd4 15. Nxf5
Ne5 16. Ng7+ Ke7 17. Bxd4 cxd4 18. Ne4 Bxe4 19. Bxe4 Qa5+ 20. Kf2 d3 21. cxd3
Qb4 22. d4 Kf8 23. Nf5 Ne7 24. Kg1 Rg8 25. h4 N5g6 26. axb5 axb5 27. Ra7 Nxf5
28. Bxf5 Re8 29. Bxg6 Rxg6 30. Raxf7+ Kg8 31. Qf3 Qxd4+ 32. Kg2 Kh8 33. Rxh7+
Kxh7 34. Qf7+ Qg7 35. Qxe8 Qb7+ 36. Kh2 Rg7 37. Rf6 Re7 38. Qg6+  1-0

[Event "87o Campeonato Brasileiro Absoluto Final Aberta"]
[Site "Cuiaba MT"]
[Date "2021.11.03"]
[Round "10"]
[Board "13"]
[White "Bittencourt, Jorge"]
[Black "Mariano, Marceley Martins"]
[Result "1-0"]
[WhiteElo "2414"]
[BlackElo "2095"]
[PlyCount "53"]
[EventDate "2021.10.28"]
[EventRounds "11"]
[EventCountry "BRA"]

1. d4 d5 2. c4 c6 3. Nf3 Nf6 4. Qb3 e6 5. Bg5 Be7 6. Nc3 b6 7. cxd5 exd5 8. e3
O-O 9. Be2 Be6 10. Qc2 c5 11. O-O Nbd7 12. dxc5 bxc5 13. Rfd1 Qa5 14. Rac1 Rab8
15. Bf4 Rb4 16. Ng5 h6 17. Nxe6 fxe6 18. b3 Qb6 19. Qg6 Rxf4 20. exf4 Qd6 21.
g3 d4 22. Ne4 Nxe4 23. Qxe4 e5 24. Bc4+ Kh8 25. Bd3 Kg8 26. Re1 Qf6 27. Qd5+
 1-0

[Event "87o Campeonato Brasileiro Absoluto Final Aberta"]
[Site "Cuiaba MT"]
[Date "2021.11.03"]
[Round "10"]
[Board "14"]
[White "Silva, Kaua Marques"]
[Black "Cadilhac, Igor Tokuichi Kikuchi"]
[Result "0-1"]
[WhiteElo "2086"]
[BlackElo "2323"]
[PlyCount "134"]
[EventDate "2021.10.28"]
[EventRounds "11"]
[EventCountry "BRA"]

1. e4 e5 2. Nf3 Nc6 3. d4 exd4 4. Bc4 Nf6 5. e5 d5 6. Bb5 Nd7 7. O-O Be7 8.
Bxc6 bxc6 9. Nxd4 Nb8 10. c4 O-O 11. Nc3 dxc4 12. Re1 Re8 13. Bf4 Bc5 14. Re4
Na6 15. Nxc6 Qxd1+ 16. Rxd1 Bb7 17. Rxc4 Bb6 18. h3 Nc5 19. b4 Ne6 20. Bg3 Bxc6
21. Rxc6 Rad8 22. Rd5 Kf8 23. a4 Rxd5 24. Nxd5 Rd8 25. Nxb6 Rd1+ 26. Kh2 axb6
27. f4 g6 28. Rc4 Ra1 29. b5 Rf1 30. h4 h5 31. Kh3 Ke8 32. Bh2 Rf2 33. g3 Kd7
34. Bg1 Rf1 35. Kg2 Ra1 36. Be3 Ra3 37. Kf2 Ng7 38. Bd2 Nf5 39. Bc3 Ne7 40. Be1
Nd5 41. Rd4 Ke6 42. Ke2 Ra2+ 43. Kf3 Ra3+ 44. Ke2 Ne7 45. Rc4 Nd5 46. Rd4 Ra1
47. Kf2 Rb1 48. Ke2 Rb3 49. Kf2 Ra3 50. Ke2 Re3+ 51. Kf2 Rb3 52. Ke2 Ra3 53.
Kf2 Ne3 54. Rd8 Ng4+ 55. Ke2 Rxa4 56. Re8+ Kd7 57. Rf8 Re4+ 58. Kd2 Nh6 59. f5
Rxe5 60. fxg6 fxg6 61. Rf6 Re6 62. Rf4 Ng4 63. Rf8 Rd6+ 64. Kc3 Rd5 65. Kc4
Ne3+ 66. Kb4 Nc2+ 67. Kc4 Rc5+  0-1

[Event "87o Campeonato Brasileiro Absoluto Final Aberta"]
[Site "Cuiaba MT"]
[Date "2021.11.03"]
[Round "10"]
[Board "15"]
[White "Federzoni, Enzo"]
[Black "Araujo, Everson De Moura"]
[Result "0-1"]
[WhiteElo "2215"]
[BlackElo "1965"]
[PlyCount "89"]
[EventDate "2021.10.28"]
[EventRounds "11"]
[EventCountry "BRA"]

1. e4 c5 2. Nf3 e6 3. d4 cxd4 4. Nxd4 Nc6 5. Nc3 Qc7 6. f4 a6 7. Nb3 b5 8. Bd3
Bb7 9. Be3 Nf6 10. Qf3 d6 11. a3 Be7 12. O-O h5 13. Kh1 h4 14. Rad1 g6 15. Nd4
h3 16. g3 Rc8 17. Kg1 Na5 18. g4 Nc4 19. Bxc4 Qxc4 20. g5 Nd7 21. Nb3 Ba8 22.
Bd4 e5 23. fxe5 dxe5 24. Be3 Qe6 25. Rd2 Rh4 26. Rfd1 Qg4+ 27. Kf2 Nf8 28. Nd5
Qxf3+ 29. Kxf3 Ne6 30. Nb6 Rb8 31. Nxa8 Rxa8 32. Rd5 Rc8 33. c3 Bxg5 34. Rxe5
Bxe3 35. Kxe3 Rg4 36. Nd4 Ke7 37. Kf3 Rg2 38. Rd5 Rxh2 39. Nxe6 fxe6 40. Rd7+
Kf6 41. Kg3 Rxb2 42. Kxh3 Rxc3+ 43. R7d3 Rbb3 44. Rxc3 Rxc3+ 45. Kg4  0-1

[Event "87o Campeonato Brasileiro Absoluto Final Aberta"]
[Site "Cuiaba MT"]
[Date "2021.11.03"]
[Round "10"]
[Board "16"]
[White "Trevisan, Rodrigo"]
[Black "Marra, Eduardo Da Costa"]
[Result "0-1"]
[WhiteElo "2111"]
[BlackElo "2200"]
[PlyCount "88"]
[EventDate "2021.10.28"]
[EventRounds "11"]
[EventCountry "BRA"]

1. c4 b6 2. Nf3 Bb7 3. g3 e6 4. Bg2 Nf6 5. Nc3 Be7 6. O-O c5 7. b3 O-O 8. Bb2
d6 9. d4 cxd4 10. Nxd4 Bxg2 11. Kxg2 Qc7 12. e3 Rc8 13. f4 Nc6 14. Qf3 a6 15.
g4 Nxd4 16. exd4 Qc6 17. d5 exd5 18. g5 d4 19. Qxc6 Rxc6 20. Ne2 Nh5 21. Nxd4
Rc7 22. Kf3 g6 23. Kg4 Rd8 24. Rad1 Bf8 25. Nf3 b5 26. cxb5 axb5 27. Rd5 Rc2
28. Rd2 Rc6 29. Nd4 Rc5 30. Ba3 Rd5 31. Rfd1 Re8 32. Bc1 Re3 33. Nc2 f5+ 34.
Kh4 Rxd2 35. Rxd2 Rc3 36. Rf2 Kf7 37. Bb2 Rd3 38. Ne1 Re3 39. Nc2 Re4 40. Bc1
d5 41. Be3 Bd6 42. Rd2 Nxf4 43. Bxf4 Bxf4 44. Rxd5 Re2  0-1

[Event "87o Campeonato Brasileiro Absoluto Final Aberta"]
[Site "Cuiaba MT"]
[Date "2021.11.03"]
[Round "10"]
[Board "17"]
[White "Brito, Luismar"]
[Black "Souza Neves, Andrey M."]
[Result "1-0"]
[WhiteElo "2198"]
[BlackElo "2087"]
[PlyCount "168"]
[EventDate "2021.10.28"]
[EventRounds "11"]
[EventCountry "BRA"]

1. e4 e5 2. Nf3 Nc6 3. Bc4 Bc5 4. O-O Nf6 5. d4 Bxd4 6. Nxd4 Nxd4 7. f4 d6 8.
fxe5 dxe5 9. Bg5 Be6 10. Bd3 Qd6 11. Bxf6 gxf6 12. Kh1 Rg8 13. Rxf6 O-O-O 14.
Qf1 Rg6 15. Nc3 Qe7 16. Rxg6 hxg6 17. Qf2 Qg5 18. a4 Rh8 19. Nb5 Qh5 20. Qg3
Nc6 21. Rf1 f5 22. exf5 gxf5 23. h3 a6 24. Nc3 f4 25. Qg6 Qxg6 26. Bxg6 Bxh3
27. Kg1 Nd4 28. Be4 Rg8 29. Nd5 Rg7 30. Kf2 Bf5 31. Re1 Bxe4 32. Rxe4 Nc6 33.
b4 Rg5 34. Rc4 Rg7 35. Re4 b5 36. axb5 axb5 37. Nc3 Rd7 38. Ne2 Rd1 39. g3
fxg3+ 40. Kxg3 Nd4 41. Rxe5 Nxe2+ 42. Rxe2 Rd4 43. Kf3 Rxb4 44. Ke3 Kb7 45. Kd3
Rh4 46. Re6 c6 47. Kc3 Kb6 48. Kb3 Rh5 49. Re8 Kc5 50. Rb8 Rh3+ 51. Kb2 Kb4 52.
Rb6 c5 53. Rb8 Rh2 54. Rg8 c4 55. Rf8 Rh4 56. Rf3 Ka4 57. Ra3+ Kb4 58. Rg3 Rh5
59. Rf3 Rc5 60. Rf4 Ka4 61. Rg4 b4 62. Rg8 c3+ 63. Ka2 Rh5 64. Ra8+ Kb5 65. Kb3
Rh1 66. Rb8+ Kc5 67. Rc8+ Kd4 68. Rc4+ Ke3 69. Rxb4 Kd2 70. Rd4+ Kc1 71. Rc4
Rh8 72. Kxc3 Rh2 73. Kb3 Rh7 74. c3 Rh8 75. Rb4 Rc8 76. c4 Kd2 77. Rb7 Kd3 78.
Rd7+ Ke4 79. Rd5 Rb8+ 80. Kc3 Rb7 81. Rd6 Ke5 82. c5 Rb1 83. Kc4 Rb2 84. Rd5+
Ke6 {ilegÃƒ^^vel}  1-0

[Event "87o Campeonato Brasileiro Absoluto Final Aberta"]
[Site "Cuiaba MT"]
[Date "2021.11.03"]
[Round "10"]
[Board "18"]
[White "Do Nascimento, Christian Almeida"]
[Black "Santos, Marcus Vinicius Moreira"]
[Result "1/2-1/2"]
[WhiteElo "2037"]
[BlackElo "2375"]
[PlyCount "58"]
[EventDate "2021.10.28"]
[EventRounds "11"]
[EventCountry "BRA"]

1. d4 d6 2. e4 g6 3. Nc3 Bg7 4. Be3 a6 5. a4 b6 6. Bc4 e6 7. Nge2 Nf6 8. f3 Bb7
9. Bb3 d5 10. e5 Nfd7 11. Qd2 h6 12. Nd1 c5 13. c3 Nc6 14. Nf2 Qe7 15. f4 O-O-O
16. O-O Kb8 17. Ba2 Rc8 18. dxc5 bxc5 19. Rfd1 Rhd8 20. Nd3 f6 21. b4 fxe5 22.
Nxc5 Nxc5 23. Bxc5 Qc7 24. Qe3 Re8 25. Rab1 Ne7 26. Bb6 Qd6 27. Bc5 Qc7 28. Bb6
Qd6 29. Bc5 Qc7  1/2-1/2